00652nam a22001455i 4500001000700000003000900007005001700016008004100033040002600074110003300100245017600133260007800309300002100387852009800408166785ES-MaACL20240203062552.0981002s1878 sp |||| | spa d aCLM bspa cCCPB | 3D2 aUniversidad Central (Madrid)10aDiscursos leido y pronunciado en la inauguración de la Unión Veterinaria sociedad académica el día 20 de octubre de 1878 en el paraninfo de la Universidad Central. aMadrid : b[s.n.], c1878 (fEstablecimiento tipográfico de P. Nuñez) a48 p. ; c25 cm. aES-MaACLjT-317-F-6-7 z-- Enc. hol., falto de la cub. original z-- Enc. en un vol. facticio